| 000 | 01006nam a2200277 a 4500 | ||
|---|---|---|---|
| 001 | 000035940 | ||
| 005 | 20260330121013.0 | ||
| 008 | 111117s2011 dr 001 0 spa d | ||
| 020 | _a9789945164152 | ||
| 040 |
_aDO-SdBNP _bspa _cBNPHU |
||
| 082 |
_a345 _bN682g |
||
| 100 | 1 |
_aNieves, Ricardo, _d1967- _961964 |
|
| 245 | 1 | 0 |
_aGlobalización, derecho penal y estado de derecho : _bocaso de la justicia penal? / _cRicardo Nieve. |
| 260 |
_aSanto Domingo : _bBúho, _c2011. |
||
| 300 |
_a205 p. ; _c22 cm. |
||
| 500 | _aIncluye datos biográficos del autor en la solapa de la cubierta. | ||
| 504 | _aIncluye bibliografía ynotas al pie de páginas. | ||
| 504 | _aBibliografía: p.201-205. | ||
| 590 | _aInventariado,2018/DG | ||
| 650 | 0 |
_aGlobalización _91524 |
|
| 650 | 4 |
_aDerecho penal _zRepública Dominicana _916470 |
|
| 650 | 0 |
_aEstado de derecho _910179 |
|
| 650 | 0 |
_aGarantías (Derecho) _948438 |
|
| 650 | 0 |
_aAdministración de justicia _910083 |
|
| 910 | _aValidado. Control de calidad EMS | ||
| 999 |
_c35431 _d35431 |
||